| 000 | 00477nam a2200193Ia 4500 | ||
|---|---|---|---|
| 005 | 20250423095122.0 | ||
| 008 | 250422s9999 xx 000 0 und d | ||
| 020 | _a9781408284476 | ||
| 050 | _aHD 82 .T552/ | ||
| 100 | _aTodaro, Michael P. | ||
| 245 | 0 | _aEconomic development | |
| 250 | _a11th ed. | ||
| 260 | _aEssex | ||
| 260 | _bPearson | ||
| 260 | _c2011 | ||
| 300 | _a801 p | ||
| 650 | _aEconomic development Developing countries _ Economic policy | ||
| 942 | _cBK | ||
| 999 |
_c29295 _d29295 |
||